000 00759nam a22002417a 4500
001 3637
003 FISKH
005 20240401161324.0
008 240401b cb ||||| |||| 00| 0 eng d
040 _aFISK
_beng
_cFISK
_dFISK
050 _aPZ10.H43
082 _a813
100 _aHenry Marguerite
_d1902-1992
245 _aBrighty of the grand canyon /
_cMarguerite Henry
260 _aNew York :
_bRand McNally & Company,
_c1953
300 _a222 pages :
_billustrations,
_c20 cm
505 _aQ
520 _aRelates the adventures of a little burro who blazed trails through the Grand Canyon and met many famous people in the process.
521 8 _a880
_bLexile
700 _aMarguerite Henry
942 _2ddc
_cBK
_n0
999 _c3637
_d3637